000 00219nam a22000857a 4500
008 161128b xxu||||| |||| 00| 0 eng d
100 _91512
_aMadan.R.C.
245 _aAn In Sight into Chemistry
260 _aNew Delhi
_bPPC
_c2008
999 _c4241
_d4241